| 000 | 00000nas 2200000za 4500 |
| 001 | 9.504909 |
| 003 | CaOODSP |
| 005 | 20200325111338 |
| 007 | cr ||||||||||| |
| 008 | 150406d20032003xxc|| m o||||f| |0eng|d |
| 040 | |aCaOODSP|beng |
| 043 | |an-cn--- |
| 086 | 1 |aBT31-4/2003E-PDF |
| 110 | 1 |aCanada. |bTreasury Board. |
| 245 | 10|aPerformance report for the period ending March 31, 2003 |h[electronic resource] |
| 260 | |aOttawa - Ontario : |bTreasury Board of Canada Secretariat |
| 362 | 1 |aFor the period ending March 31, 2003 |
| 690 | 07|aBudgets|2gcpds |
| 690 | 07|aPerformance assessment|2gcpds |
| 775 | 08|tRapport sur le rendement pour la période se terminant le 31 mars 2003 |w(CaOODSP)9.501309 |
| 776 | 0#|tPerformance report for the period ending March 31, 2003 |w(CaOODSP)9.510916 |
| 776 | 0#|tRapport sur le rendement pour la période se terminant le 31 mars 2003 |w(CaOODSP)9.510917 |